Dinámica reciente de la confrontación armada en el Urabá antioqueño (Registro nro. 51221)

Detalles MARC
000 -ENCABEZADO
Número de control [NR] 01038nam a2200253Ia 4500
005 - FECHA Y HORA DE LA ÚLTIMA TRANSACCIÓN
control field 20211111074504.0
008 - DE LONGITUD FIJA DE DATOS DE ELEMENTOS - INFORMACIÓN GENERAL
Elementos de longitud fija [NR] 130821s2006 ck gr spa
020 ## - NUMERO INTERNACIONAL NORMALIZADO PARA LIBROS [R]
Número Internacional Normalizado del libro [NR] 9581803246
040 ## - FUENTE DE CATALOGACION [NR]
Agencia de catalogación original [NR] Co-BoUCM
Idioma de catalogación [NR] spa
041 00 - CODIGO DE IDIOMA [R]
Código de idioma para texto/pista de sonido o título separado [R] Español
110 1# - ASIENTO PRINCIPAL--NOMBRE CORPORATIVO [NR]
Nombre corporativo o de jurisdicción como elemento de entrada [NR] Colombia.
Unidad subordinada [R] Vicepresidencia de la República.
-- Programa Presidencial de Derechos Humanos y DIH
ID de autoridad 66318
245 00 - MENCION DE TITULO [NR]
Título [NR] Dinámica reciente de la confrontación armada en el Urabá antioqueño
260 ## - PUBLICACION, DISTRIBUCION, ETC. (PIE DE IMPRENTA) [R]
Lugar de publicación, distribución, etc. [R] Bogotá (Colombia)
Nombre del editor, distribuidor, etc. [R] Imprenta Nacional de Colombia
Fecha de publicación, distribución, etc. [R] 2006
300 ## - DESCRIPCION FISICA [R]
Extensión [R] 42 páginas
650 04 - ASIENTO SECUNDARIO DE MATERIA - TERMINO TEMATICO [R]
Término temático o nombre geográfico como elemento de entrada [NR] Conflicto armado
Subdivisión geográfica [R] Urabá (Antioquia, Colombia)
9 (RLIN) 11564
650 04 - ASIENTO SECUNDARIO DE MATERIA - TERMINO TEMATICO [R]
Término temático o nombre geográfico como elemento de entrada [NR] Problemas sociales
Subdivisión geográfica [R] Urabá (Antioquia, Colombia)
9 (RLIN) 22324
650 04 - ASIENTO SECUNDARIO DE MATERIA - TERMINO TEMATICO [R]
Término temático o nombre geográfico como elemento de entrada [NR] Violencia
9 (RLIN) 422
650 04 - ASIENTO SECUNDARIO DE MATERIA - TERMINO TEMATICO [R]
Término temático o nombre geográfico como elemento de entrada [NR] Violencia
Subdivisión geográfica [R] Urabá (Antioquia, Colombia)
9 (RLIN) 422
651 #7 - ASIENTO SECUNDARIO DE MATERIA - NOMBRE GEOGRAFICO [R]
Nombre geográfico [NR] Uraba (Antioquia, Colombia)
Subdivisión general [R] Condiciones sociales
9 (RLIN) 129834
710 ## - ASIENTO SECUNDARIO - NOMBRE CORPORATIVO [R]
Nombre corporativo o de jurisdicción como elemento de entrada [NR] Observatorio del Programa Presidencial de Derechos Humanos y DIH
9 (RLIN) 131633
942 ## - ELEMENTOS DE ENTRADA AGREGADOS (KOHA)
Tipo de ítem principal el descrito en 300a Libro
Tema principal Sociología
Edición 1
Parte restante de la signatura top. D583u
Sistema de clasificación DEWEY
Clasificación 303.6
Existencias
Fecha de último préstamo Total préstamos Total Renewals Signatura topográfica Código de barras Última vez visto Ejemplar Price effective from Tipo de ítem Perdido Sistema de clasificación Dañado No prestable Tipo de ítem específico Suprimido Ubicación habitual Ubicación actual Localización Fecha de creación Forma de adquisición Costo
27/09/2018 25 7 303.6 D583u 100081521 09/12/2025 Ej.1 03/02/2013 Libro   DEWEY     Libro   Claustro Claustro 2do piso 30/09/2006 Donación 26000.00